Southville International School and Colleges
Your cart is empty.
  • Cart
  • Lists
    Public lists Eva Luna New books Lux_list list_1
    Your lists Log in to create your own lists
  • Log in to your account
  • Your cookies
  • Search history
Southville International School and Colleges
  • Advanced search
  • Recent comments
  • Most popular
  • Libraries

Log in to your account

Log in with GOOGLE


If you do not have an external account, but do have a local account, you can still log in:

  1. Home
  2. MARC view: Event studies :
Normal view MARC view ISBD view

Event studies : (Record no. 118215)

[ view plain ]
MARC details
000 -LEADER
fixed length control field 00646nam a2200205Ia 4500
003 - CONTROL NUMBER IDENTIFIER
control field SISC
005 - DATE AND TIME OF LATEST TRANSACTION
control field 20160820104054.0
008 - FIXED-LENGTH DATA ELEMENTS--GENERAL INFORMATION
fixed length control field 140609s9999 xx 000 0 und d
020 ## - INTERNATIONAL STANDARD BOOK NUMBER
International Standard Book Number 9780080969534
050 ## - LIBRARY OF CONGRESS CALL NUMBER
Classification number GT 3405
Item number .G48 2012
100 ## - MAIN ENTRY--PERSONAL NAME
Personal name Getz, Donald.
245 ## - TITLE STATEMENT
Title Event studies :
Remainder of title theory, research and policy for planned events /
Statement of responsibility, etc Donald Getz.
250 ## - EDITION STATEMENT
Edition statement 2nd edition.
260 ## - PUBLICATION, DISTRIBUTION, ETC. (IMPRINT)
Place of publication, distribution, etc London ; New York :
Name of publisher, distributor, etc Routledge,
Date of publication, distribution, etc 2012.
300 ## - PHYSICAL DESCRIPTION
Extent 442 pages :
Other physical details ill. (some col.) ;
Dimensions 25 cm.
500 ## - GENERAL NOTE
General note Includes bibliographical references and index.
650 ## - SUBJECT ADDED ENTRY--TOPICAL TERM
Topical term or geographic name as entry element Special events
General subdivision Management.
942 ## - ADDED ENTRY ELEMENTS (KOHA)
Call number prefix Foreign
Koha item type Books
Source of classification or shelving scheme Library of Congress Classification
Holdings
Withdrawn status Lost status Damaged status Home library Current library Shelving location Date acquired Cost, normal purchase price Total Checkouts Full call number Barcode Date last seen Price effective from Koha item type
      College Library College Library Reserve Section 06/09/2014 3590.00   GT 3405 .G48 2012 C18503 05/15/2018 06/09/2014 Books

Event studies :

APA

Getz D., . (2012). Event studies. London ; New York: Routledge.

Chicago

Getz Donald, . 2012. Event studies. London ; New York: Routledge.

Harvard

Getz D., . (2012). Event studies. London ; New York: Routledge.

MLA

Getz Donald, . Event studies. London ; New York: Routledge. 2012.

  • Place hold
  • Print
  • Cite
  • Add to your cart (remove)
  • Save record
    BIBTEX Dublin Core MARCXML MARC (non-Unicode/MARC-8) MARC (Unicode/UTF-8) MARC (Unicode/UTF-8, Standard) MODS (XML) RIS
  • More searches
    Search for this title in:
    Other Libraries (WorldCat) Other Databases (Google Scholar) Online Stores (Bookfinder.com) Open Library (openlibrary.org)

Exporting to Dublin Core...

SOUTHVILLE LIBRARY

Southville International School and Colleges Library

1281 Tropical Ave. Cor. Luxembourg St., BF Homes International, Las Pinas City

Tel. No. 8256374 / 252358 Loc. 117/146

Powered by Koha